00879nam a22002655i 450000100060000000300090000600500170001500700030003200800410003502000180007604000220009408000100011610000300012624500570015626000320021330000210024549000440026650000130031050400340032365100320035783000520038985200330044199900170047495201220049111280ES-MaACL20230906150051.0t|930701s1992 sp ||||0| spa j a84-7100-275-2 aM-BN bspa cM-BN a959.91 aMolina, Antonio M.98187910aAmérica en Filipinas / cAntonio M. Molina Memije. aMadrid : bMAPFRE, c[1992] a339 p ; c23 cm.1 aColección Relaciones americanas ; v3 aIndices. aBibliografía: p. [313]-326. 4aFilipinas-xHistoria.986580 aColección Relaciones americanas ; v39228189 aES-MaACLjL-18585 bR.124091 c11280d11280 00104070aATENEOMbATENEOMcDEPO2d2008-01-17eSCl0oL-18585p1011503r2023-02-23 00:00:00w2023-02-23yMONOGRAFIA